Humedales interiores de Colombia (Registro nro. 1731)

Detalles MARC
000 -CABECERA
Campo de control 00892nam a2200277 a 4500
005 - FECHA Y HORA DE LA ULTIMA TRANSACCION
Campo de control 20180803164929.0
008 - ELEMENTOS DE LONGITUD FIJA—INFORMACION GENERAL
Campo de control 140121b1999 ck ||||| |||| 00| 0 spa d
041 ## - IDIOMA
Código de idioma para texto/pista de sonido o título separado Español
044 ## - PAÍS DE PUBLICACIÓN
País de publicación Colombia
090 ## - CLASIFICACIÓN LOCAL
Colección IAvH
Consecutivo 00100
100 ## - ASIENTO PRINCIPAL--NOMBRE PERSONAL
Nombre personal Naranjo Henao, Luis Germán
245 ## - MENCION DE TITULO
Título Humedales interiores de Colombia
Parte restante del título bases técnicas para su conservación y uso sostenible
260 ## - PUBLICACION, DISTRIBUCION, ETC. (PIE DE IMPRENTA)
Lugar de publicación, distribución, etc. Bogotá
Nombre del editor, distribuidor, etc. Instituto Alexander von Humboldt
-- Minambiente
Fecha de publicación, distribución, etc. 1999
300 ## - DESCRIPCION FISICA
Extensión 79 p.
650 ## - ASIENTO SECUNDARIO DE MATERIA - TERMINO TEMATICO
Término temático o nombre geográfico como elemento de entrada Humedales
650 ## - ASIENTO SECUNDARIO DE MATERIA - TERMINO TEMATICO
Término temático o nombre geográfico como elemento de entrada Conservación de ecosistemas
650 ## - ASIENTO SECUNDARIO DE MATERIA - TERMINO TEMATICO
Término temático o nombre geográfico como elemento de entrada Uso sostenible
650 ## - ASIENTO SECUNDARIO DE MATERIA - TERMINO TEMATICO
Término temático o nombre geográfico como elemento de entrada Biodiversidad
650 ## - ASIENTO SECUNDARIO DE MATERIA - TERMINO TEMATICO
Término temático o nombre geográfico como elemento de entrada Manejo de ecosistemas
650 ## - ASIENTO SECUNDARIO DE MATERIA - TERMINO TEMATICO
Término temático o nombre geográfico como elemento de entrada Política ambiental
662 ## - ASIENTO SECUNDARIO DE MATERIA - JERARQUIA DEL NOMBRE DE LUGAR(
País o entidad mayor Colombia
650 ## - ASIENTO SECUNDARIO DE MATERIA - TERMINO TEMATICO
Término temático o nombre geográfico como elemento de entrada Gestión ambiental
700 ## - ASIENTO SECUNDARIO - NOMBRE PERSONAL
Nombre personal Andrade Pérez, Germán Ignacio
700 ## - ASIENTO SECUNDARIO - NOMBRE PERSONAL
Nombre personal Ponce de León, Eugenia
942 ## - ELEMENTOS ADICIONALES (KOHA)
Tipo de ítem CD-ROM
Sistema de clasificación Local
Koha issues (borrowed), all copies 6
Existencias
Withdrawn status Lost status Sistema de Clasificación Damaged status No para préstamo Colección Inventariado Ubicación Permanente Ubicación actual Fecha de adquisición Fuente de Valor Valor Total Checkouts Número topográfico Inventario / Código de Barras Date last seen Ejemplar Price effective from Forma de adquisición Tipo de material Date checked out Total Renewals
    Dewey Decimal Classification     Humboldt Inventariado 2017 Bogotá Bogotá 15/11/2001   30000.00 1 IAvH-333.9181 N21h 014023 23/07/2014 Ej. 1 04/12/2012 Institucional Libro 03/04/2014  
    Dewey Decimal Classification     Humboldt Inventariado 2017 Bogotá Bogotá 15/11/2001   30000.00 1 IAvH-333.9181 N21h 015168 09/04/2014 Ej. 2 04/12/2012 Institucional Libro 09/04/2014  
    Dewey Decimal Classification     Humboldt Inventariado 2017 Bogotá Bogotá 03/03/2004   30000.00 4 IAvH-333.9181 N21h 015480 06/10/2015 Ej. 3 04/12/2012 Institucional Libro 21/07/2015 2
    Dewey Decimal Classification     Humboldt Inventariado 2017 Bogotá Bogotá 29/08/2014   30000.00 3 IAvH-333.9181 N21h 014024 23/08/2019 Ej. 4 29/08/2014 Institucional Libro 20/08/2019  
    Dewey Decimal Classification     Humboldt Inventariado 2017 Sala Fabio Quevedo Sala Fabio Quevedo 18/07/2014 Samper, Cristián 30000.00   IAvH-333.9181 N21h 004030 04/12/2012 Ej. 5 04/12/2012   Libro    
    Dewey Decimal Classification     Humboldt Inventariado 2017 Sala Fabio Quevedo Sala Fabio Quevedo 18/07/2014 Samper, Cristián 30000.00   IAvH-333.9181 N21h 004031 04/12/2012 Ej. 6 04/12/2012   Libro